[Event "Pula zt 1.2"]
[Site "Pula"]
[Date "2000.04.11"]
[Round "1"]
[White "Dizdarevic, Emir"]
[Black "Smirin, Ilia"]
[Result "1/2-1/2"]
[WhiteElo "2520"]
[BlackElo "2666"]
[Annotator "Hazai,L"]
[PlyCount "97"]
[EventDate "2000.04.11"]
[EventType "swiss"]
[EventRounds "11"]
[EventCountry "CRO"]
[SourceTitle "CBM 077"]
[Source "ChessBase"]
[SourceDate "2000.07.27"]
[SourceVersion "1"]
[SourceVersionDate "2000.07.27"]
[SourceQuality "1"]

1. Nf3 Nf6 2. g3 g6 3. b3 Bg7 4. Bb2 d6 5. d4 c5 6. Bg2 Qa5+ {Now it is not
easy for White to decide.} (6... cxd4) 7. c3 $6 {This is simply out of
question. This passive move blocks the /^ of the B.} (7. Qd2 {is more to the
point steering towards a slightly better _|_ due to the fianchettoed bishops.}
Qxd2+ (7... Nc6 $6 8. Qxa5 Nxa5 {and the N is out of play.} 9. dxc5 {Now both
long diagonals are opened for the bishops.} dxc5 10. Nbd2 (10. Nc3 {is also
worthy of consideration.} O-O (10... Nd5 $2 {simply loses material after} 11.
Nxd5 Bxb2 12. Rb1 Be6 13. Nc7+ Kd7 14. Nxa8 Bc3+ 15. Kf1 Rxa8 16. Ng5 $18) 11.
O-O-O $14) 10... O-O 11. h3 {avoiding the simplifications after Ng4.} (11.
O-O-O Ng4 12. Bxg7 Kxg7 13. Rhf1 $14) 11... Nd5 12. Bxg7 Kxg7 13. a3 Nc6 14.
Ne4 c4 15. Rd1 Bf5 16. Nfd2 cxb3 17. cxb3 $14 {L.B.Hansen-Adams, Koge op 1997})
(7... Qc7 {is rather passive.} 8. c4 O-O 9. Nc3 a6 10. O-O cxd4 11. Nxd4 e6 12.
Rfd1 $14 {with a favourable hedgehog position for White, Volkmann-Kustar,
Budapest 1993.}) (7... Qa6 {leaves the Q offside.} 8. c4 cxd4 9. Nxd4 Nc6 10.
Nc3 O-O 11. O-O Bd7 12. Rfd1 Nxd4 13. Qxd4 Bc6 14. Nd5 Bxd5 15. Bxd5 Nh5 16.
Qd2 Bxb2 17. Qxb2 Nf6 18. Bf3 $14 {with a strong B on the long /^, Teske-Piven,
Donau op 1996.}) 8. Nbxd2 Na6 $1 (8... O-O 9. dxc5 dxc5 10. O-O-O Nc6 11. h3
Rd8 12. Ne5 Nd4 13. e3 Ne6 14. Ndc4 $14 {and Black has problems with his <<
development, Cvitan-Jenni, Biel MTO 1999.}) (8... Nfd7 $5 {Black himself wants
to play for the pin on the long /^.} 9. e3 (9. O-O-O $5) 9... Nc6 10. O-O-O O-O
11. Ne4 cxd4 (11... b6 $6 {(Kurajica-Kozul, Zagreb zt 1993)} 12. d5 $1 Bxb2+
13. Kxb2 Nce5 14. Nxe5 Nxe5 15. f4 Ng4 16. Rde1 Bf5 17. Nd2 $14 {threatening
e4 with a huge space advantage for White.}) 12. Nxd4 (12. exd4 $143 d5 {
with a passive dark-squared B.}) 12... d5 $11) 9. O-O-O (9. O-O O-O 10. c4 cxd4
11. Nxd4 Nc5 12. Rfd1 Bd7 13. Nf1 {The N cannot find his right place.} Rab8 14.
Ne3 Rfc8 $11 {Hartoch-Watson, Wijk aan Zee 1987}) 9... Bd7 (9... O-O {-
Blatny-Smejkal, Kottnauer mem 1996 CBM 54}) 10. e4 cxd4 11. Nxd4 Ng4 12. Rdf1
Rc8 13. Kb1 O-O 14. h3 Ne5 15. Rd1 Nc5 $11 {and White cannot build up a strong
Maroczy bind, P.Blatny-Saidy, Saitek US Masters 1998.}) (7. Nbd2 $6 Ne4 8. O-O
Nxd2 9. Nxd2 cxd4 {This is the simplest way.} (9... O-O $6 {allows White to
gain space advantage in the [+].} 10. Nc4 Qc7 11. d5 b5 12. Bxg7 Kxg7 13. Ne3
Nd7 14. g4 h6 15. f4 c4 16. Qd4+ $16 {Rublevsky-Shchekachev, URS-ch U20 Sochi
1990}) 10. Nc4 (10. e3 Nc6 11. Nf3 Qh5 12. Re1 Bh3 $11) 10... Qc5 11. e3 Nc6
12. exd4 Nxd4 13. Re1 Be6 14. Bxb7 Rb8 15. Ba6 O-O $1 $132) (7. Bc3 {is a
successful provocation for Black, the B is vulnerable here.} Qc7 8. O-O (8.
dxc5 Qxc5 9. O-O O-O 10. Bb2 {So White had to give back the tempo.} Nc6 11.
Nbd2 Qh5 12. Re1 Bh3 $11 {and Black has finished his development easily,
Weindl-Lau, BL 1988.}) 8... Ne4 (8... O-O) 9. Bb2 O-O $11) 7... cxd4 8. Nxd4
O-O 9. O-O Qh5 {The Q is ideally posted here.} (9... d5 {looks also promising
fighting for the [+].} 10. c4 $5 {White has to react immediately.} ({In case
of the quiet} 10. Nd2 e5 11. N4f3 Nc6 {suddenly Black has conquered the [+].})
10... dxc4 (10... e5 11. Nb5 dxc4 12. bxc4 {with some pressure on the <<.}) 11.
bxc4 Rd8 (11... Nbd7) 12. Qb3 Nbd7 $13 {threatening Nc5 successfully
blockading the weak c P.}) 10. e4 (10. c4 Nc6 $1 11. e4 (11. Nxc6 bxc6 12. Nc3
(12. Bxc6 $4 {loses to} Ng4) 12... Bh3 {exchanging the important B.}) 11... Bg4
$1 {provoking more weaknesses.} (11... Ng4 12. h3 Nxd4 13. Bxd4 Bxd4 14. Qxd4
Nf6 (14... Ne5 15. f4) 15. g4 $14) (11... Nxd4 12. Bxd4 Bg4 13. f3 Bh3 14. Nc3
Bxg2 15. Kxg2 {and the Maroczy bind is at least ready.}) 12. f3 Bh3 $11 {
and White is behind with his development.}) 10... Bg4 11. f3 Bd7 (11... Bh3 12.
c4 Nc6 $1 $11 (12... Bxg2 13. Kxg2 Nbd7 14. Nc3 $14)) 12. Re1 (12. f4 {weakens
only the position.} Bg4 13. Qd2 Nc6) 12... Qc5 $5 (12... Nc6 {was good and
simple!}) 13. Kh1 (13. c4 $4 e5) 13... Nc6 14. Na3 (14. Nd2 Rac8 $132) 14... a6
15. Nac2 h5 $5 {Black wants to create some play on the >>.} (15... b5 $11 {
was the simplest soluion.}) 16. c4 Ne5 $5 (16... Rfe8 17. Qd2 b5 18. Nxc6 Qxc6
$13) 17. Qd2 h4 18. g4 (18. gxh4 {wins the P, but ruins the P stucture on the
>>.} b5 19. f4 Bh6 20. cxb5 axb5 $13) 18... b5 $6 (18... e6 $6 {weakens only
the central squares.} 19. g5 Nh5 (19... Ne8 20. f4 $36) 20. Ba3 (20. f4 Ng4 (
20... Nxf4 $6 {is inferior because of} 21. Ba3 Nxc4 22. bxc4 Qxg5 23. Bxd6
Qxg2+ 24. Qxg2 Nxg2 25. Kxg2 $16) 21. Ba3 Qc7 {- 20.Ba3 transposing to the
main line.}) 20... Qc7 21. f4 Ng4 (21... Nc6 22. Ne2 $1 {White has to avoid
exchanges with a space advantage like that. The point is that >< d6 is also
hanging.}) 22. Bf3 e5 23. Bxg4 Bxg4 24. Ne3 Qd7 (24... exd4 25. Nxg4 $16) 25.
f5 $1 $16) (18... Rac8 19. g5 Nh5 20. Ba3 (20. f4 $2 Nxf4 $1) 20... Qc7 21. f4
Nc6 {was still playable.}) 19. cxb5 axb5 $2 {continuing the wrong plan.} (19...
Bxb5 {seems to be better to get rid of the passive B.} 20. Nxb5 axb5 21. Nd4
$14) 20. Nb4 e6 $6 (20... Rfc8 21. g5 h3 22. Bf1 Nh5 23. Nd5 Kf8 24. Rec1 Qa7
25. Rxc8+ Rxc8 26. f4 $16) 21. Rac1 Qb6 (21... Qa7 22. g5 $1 {chasing away the
knights from the [+].} Nh5 23. f4 Ng4 24. Bf3 e5 25. Nbc6 $18 (25. f5 Nxh2 26.
Bxh5 exd4 27. f6 Bh8 28. Qxh2 $18)) 22. h3 $5 ({Again the straightforward} 22.
g5 $1 {was required.} Ne8 (22... Nh5 $2 23. f4 Ng4 24. Bf3 e5 25. Nd5 {The N
invades the [+] with a tempo.} Qa5 (25... Qa7 26. Rc7 $18) 26. b4 Qxa2 27. Nb6
$18) (22... Nh7 23. f4 Ng4 24. h3 {Soon or later the N will be trapped.} e5 25.
Nd5 Qa5 26. Bc3 Qa7 27. Nc2 Nf2+ 28. Kh2 exf4 29. Bxg7 Kxg7 30. Nd4 Nxg5 31.
Qxf2 $18) 23. f4 Ng4 24. h3 e5 25. Ndc6 $18) 22... d5 (22... Rfc8 23. f4 Nexg4
24. hxg4 Nxg4 25. Bf3 $16) 23. f4 (23. g5 {was again crisper:} Nh5 24. exd5
Ng3+ 25. Kh2 exd5 (25... Qd6 26. f4 $18) 26. f4 $18) 23... Nexg4 $8 {Here at
least Black can try to fish in troubled waters.} 24. hxg4 (24. e5 $5) 24...
dxe4 25. Ndc6 Nxg4 26. Bxg7 Kxg7 27. Ne5 (27. Qxd7 {was winning as well.} Nf2+
(27... Qf2 28. Qd4+) 28. Kh2 Ng4+ 29. Kh3 Nf2+ 30. Kxh4 $18 {and the K escapes.
}) 27... Nf2+ 28. Kh2 Rad8 29. Rc2 f6 (29... Nd3 30. Rxe4 $18) 30. Qxf2 $2 {
Only this is the real mistake!} (30. Nxd7 $1 e3 (30... Ng4+ 31. Kh1 Qa7 32. Qe2
) 31. Qd5 $1 {This is the point, but finding it is not so easy.} Ng4+ 32. Kh3
Nf2+ 33. Kxh4 $18) 30... Qxf2 31. Rxf2 fxe5 {Now at least Black has some pawns
for the piece in the _|_.} 32. Rxe4 exf4 33. Rfxf4 g5 34. Rxf8 Rxf8 35. Rd4 Bc8
36. Nd3 $14 e5 37. Nxe5 Rf2 38. Kg1 Rxa2 39. Nf3 $2 {This is a serious error
in time-trouble.} ({White had to forget about his dreams of winning the game
and continue by} 39. Ng4 Be6 40. b4 Ra1+ 41. Kh2 Ra2 42. Kh3 Ra3+ 43. Kh2 Ra2
$11) 39... h3 40. Bxh3 (40. Bf1 g4) 40... Bxh3 {Now the situation has been
changed completely, it is White who has to fight for the draw!} 41. Rd5 g4 42.
Ng5 Bg2 (42... b4 43. Nxh3 gxh3 44. Rd4 $11) 43. Rd4 (43. Rxb5 Kf6) 43... g3
44. Rd3 Kf6 45. Rxg3 Bd5 46. Kf1 Rb2 47. Ke1 Bxb3 48. Ne4+ Ke5 49. Nc5 1/2-1/2

[Event "Solin 11th"]
[Site "Solin/Spilt"]
[Date "2003.12.20"]
[Round "8"]
[White "Dizdarevic, Emir"]
[Black "Armanda, Ivica"]
[Result "1-0"]
[WhiteElo "2507"]
[BlackElo "2365"]
[Annotator "Hazai,L"]
[PlyCount "135"]
[EventDate "2003.12.12"]
[EventType "tourn"]
[EventRounds "9"]
[EventCountry "CRO"]
[EventCategory "9"]
[SourceTitle "CBM 099"]
[Source "ChessBase"]
[SourceDate "2004.03.30"]
[SourceVersion "1"]
[SourceVersionDate "2004.03.30"]
[SourceQuality "1"]

1. Nf3 Nf6 2. g3 g6 3. Bg2 Bg7 4. O-O O-O 5. d4 d6 6. b3 e5 7. dxe5 Nfd7 {
Black wants to keep the tension in the [+] and take back with the P on e5.} 8.
Nc3 {White is still waiting with the development of the B, it may go to a3 or
even on e3 in some cases.} (8. Bb2 {is the popular main line.} dxe5 (8... Nc6 {
- Schlosser-McShane, Lippstadt 2000 CBM 78}) 9. e4 (9. Nfd2 {opening the long /
^ and heading for c4.} Na6 {The N is more sophysticated here.} (9... Re8 {
is always a serious alternative.}) (9... Nc6 {The N is not very bright here.}
10. Nc3 Nb6 (10... Re8 11. Qc1 {/\ Rd1} Nf8 12. Rd1 Be6 13. Nde4 Qc8 14. Nc5
Bh3 15. Bxc6 $1 {destroying Black's P structure on the <<. The weakening of
the light squares on the >> is not so relevant, the black pieces are not ready
to join the ->.} bxc6 16. N3a4 e4 17. Bxg7 Kxg7 18. Qf4 $14 {E.Cosma-Grabics,
Ostrava 1999}) 11. a4 a5 12. Nb5 f5 13. Nc4 Nxc4 14. Bd5+ Kh8 15. Bxc4 Bd7 $14
(15... Nd4 $2 {This loses outright!} 16. Ba3 Re8 17. Bf7 $18 {E.Cosma-Grabics,
Batumi 1999})) 10. Nc3 (10. c4 $6 {weakens only the squares on the << and
deprives the N from the excellent c4 square.} Nac5 11. Nc3 f5 {/\ e4 opening
the /^ for his B and closing the opponent's one.} 12. Bd5+ Kh8 13. b4 Na6 14.
a3 c6 15. Bg2 Nf6 {Black has a strong P [+].} 16. Qc2 Nc7 17. Rfd1 Qe7 $11 {
Sebenik-A.Toth, Bled 1998}) 10... f5 11. Nc4 e4 12. f3 exf3 13. exf3 Ndc5 $13 (
13... Nb6 $11)) (9. Nc3 {- 8.Nc3}) (9. Qc1 {/\ Rd1} Na6 10. Rd1 Re8 11. Na3 {
/\ Nc4} Qe7 12. Nc4 f6 {"killing" the b2 B and the knights.} 13. a4 Ndc5 14.
Ba3 Qf7 15. Qe3 Bf8 16. Nfd2 c6 $1 $13 {and Black has equalized.} (16... Be6 {
(Forster-Babula, Portoroz 1998)} 17. b4 $1 $36)) (9. c4 {again looks a bit
anti-positional, White's main plan is to put a N on c4 and the other one on c3.
} Nc6 10. Nc3 b6 11. Nd5 Re8 12. Qd2 Nc5 13. Rfe1 Bg4 14. h3 Bxf3 15. Bxf3 Nd4
16. Bxd4 exd4 {^-} 17. Rad1 a5 18. Nf4 {1/2-1/2 Polugaevsky-Stein, Moscow 1969}
) 9... Re8 (9... Qe7 {Black is waiting with the development of his N.} 10. Nc3
(10. Ba3 Nc5 11. Nc3 Nba6 12. Nd5 Qd8 {/\ c6 and White cannot exploit the pin
on the a3-f8 /^.}) 10... c6 11. Qd2 Na6 12. Rad1 Re8 13. h3 Ndc5 14. Rfe1 Be6
15. Nb1 {This is a clear sign of the fact that the white setup lacks of
harmony.} f6 16. Ba3 Qc7 17. Bf1 Bf8 18. Qe3 Rad8 19. Rd2 Rxd2 20. Nfxd2 b5 $13
{Gyorkos-Hazai, Hungary chT 1997}) (9... Nc6 {is again a bit premature.}) (9...
a5 10. a4 Re8 (10... Na6 11. Nbd2 Nac5 12. Nc4 (12. Qe2 b6 {/\ Ba6} 13. Rfd1
Ba6 14. Qe3 Qe7 15. Bh3 Bb7 16. Nc4 Rfd8 17. Nfd2 Ne6 18. Nf3 f6 {Black's
position is rock-solid again.} 19. Ba3 Qe8 $11 {Dizdarevic-Kozul, Zagreb 1993})
12... Qe7 13. Qd5 Re8 (13... Nb6 $5 14. Nxb6 cxb6 15. Rad1 Be6 16. Qd6 Qxd6 17.
Rxd6 $14 {>< b6}) 14. Ba3 Qe6 15. Rad1 Qxd5 16. exd5 $14 {Vadasz-Arnold,
Budapest 1998}) 11. Na3 (11. Nbd2 $5) 11... Qe7 12. Nc4 b6 {This is the
flexible setup, Black can still develop his N on a6 or c6.} 13. Nfd2 Ba6 14.
Re1 Nc6 {/\ Nd4} 15. Ne3 Nd4 16. Nd5 Qd8 17. Ba3 Bf8 {The exchange of the
dark-squared B is good for Black from strategical point of view.} 18. Bxf8 Kxf8
$11 {Fridman-Panchenko, Essen 2000}) 10. Nc3 c6 {weakening the d6 square, but
it is not easy for White to make profit from it.} (10... Nc6) 11. Qe2 (11. Ne2
{This N cannot find his place.} Qc7 12. Ba3 Bf8 13. Bxf8 Nxf8 $11 {
Planinc-Tringov, Skopje 1971}) 11... Qe7 12. a4 a5 13. Ba3 Nc5 14. Qe3 Nba6 15.
Ne1 b6 16. Nd3 Bf8 $13 {and Black still holds the vital c5 square,
Danielsen-Timoshenko, Guichen 1993 58/85.}) (8. Bg5 {is not a usual plan here.}
Qe8 9. Nc3 h6 (9... dxe5 10. Nd5 Na6 (10... e4 11. Nd2 Bxa1 12. Qxa1 $40) 11.
Be7 (11. Ne7+ Kh8 12. Nxc8 Rxc8) 11... e4 12. Nd2 c6 13. Bxf8 Nxf8 14. Ne3 Bxa1
15. Qxa1 f5) 10. Nd5 hxg5 11. Nxc7 Qd8 12. Nxa8 Nxe5 $44 {Nen.
Ristic-Marjanovic, Smederevska Palanka 1980 29/111}) 8... dxe5 9. e4 (9. Bb2 e4
$5 10. Nd4 Re8 $13) 9... h6 $6 {This move is not particularly useful.} ({Both} 
9... Nc6) ({and} 9... Re8 {look more logical.}) 10. Qd2 (10. Be3 $5 {In
general this is the best place for the B in this P structure.} Nc6 11. Qd2 Kh7
12. Rad1 Re8 ({but not} 12... f5 $6 13. exf5 gxf5 14. Nh4 $16 {and Black's [+]
is on the verge of collapse.})) 10... Nc6 (10... Re8 11. Ba3 Nc6 {- 10...Nc6})
11. Ba3 Re8 12. Rad1 a5 (12... Nd4 13. Nxd4 exd4 14. Nb5 c5 15. Nd6 {White now
gets the important ^^.} Re6 16. Nxc8 Rxc8 17. c4 Ra6 18. Bc1 $14) 13. Nd5 a4 (
13... Nd4 14. Nxd4 exd4 15. Bb2 c6 16. Nf4 c5 17. c3 dxc3 18. Bxc3 $16 {
and Black has serious problems with his development.}) 14. b4 Nb6 15. Qc1 (15.
Nxb6 cxb6 16. b5 Qxd2 17. Rxd2 Na5 {and White has also many weaknesses in his
camp.}) 15... Nd4 16. Nxd4 exd4 17. Nxb6 cxb6 {White's P structure is
favourable because of his mobile >> P majority.} 18. Bb2 (18. c3 {was the
other alternative.} Bg4 19. f3 Be6 20. cxd4 Bxd4+ 21. Kh1 Qf6 22. f4 Rac8 23.
Qb1 $14) 18... a3 (18... Bg4 19. f3 a3 20. Bxa3 Be6 {- 18...a3}) 19. Bxa3 Be6 (
19... Bg4 20. f3 Be6 21. f4 {- 19...Be6}) 20. Rfe1 (20. f4 {/\ e5 opening up
the long /^ was the other plan.} Qc7 21. e5 f6 22. Bb2 Rxa2 23. Bxd4 Rxc2 24.
Qe3 $14 {and White has a P majority on the >>.}) 20... Qc7 (20... Bxa2 21. Bb2)
21. Bb2 Rxa2 (21... Red8 22. a3) 22. Bxd4 Bxd4 23. Rxd4 Qxc2 24. Qe3 {White is
better in the _|_ because of his virtual P majority.} Rb2 (24... b5 25. Bf1 Bc4
26. Rc1 Qb2 27. Bxc4 bxc4 28. Rdxc4 $16) 25. Bf1 Rc8 26. Red1 Kh7 (26... Rxb4
27. Qxh6 Rxd4 28. Rxd4 Qc3 {is a try to mobilize the o^ on the <<.} (28... b5
29. e5)) 27. R4d2 Qa4 28. Qd4 Rxd2 (28... Rxb4 $2 29. Qf6 Rg8 30. Rd8 $18 {
with a mating ->.}) 29. Qxd2 Rc2 30. Qd4 Qb3 (30... Rb2 31. Qxb2 Qxd1 32. Qe2
Qd4 33. b5 Kg7 {was the other persistant defence.}) 31. b5 Qb2 $6 (31... Qf3
32. Bg2 Qe2 {gave more practical problems for White.}) 32. Qxb2 Rxb2 33. Rd6
Rb1 $6 (33... Rb4 $1 {was the best defence, for example:} 34. Rxb6 (34. f3 Rb1
35. Kf2 Rb2+ 36. Ke3 Rb3+) (34. Bd3 Bh3) 34... Rxe4 35. f3 (35. Rxb7 Re1) 35...
Re3 36. Kf2 Rb3 37. Rxb7 Bd5) 34. Kg2 Bh3+ $2 (34... Rb4 35. Bd3) 35. Kxh3 $18
{The R _|_ is an easy win theoretically, but it can always be tricky, as we
know.} Rxf1 36. Kg2 Re1 37. Kf3 Rc1 38. Rd7 (38. Rxb6 Rc7 39. e5 $18) 38... Kg7
39. Rxb7 Rc3+ 40. Kg2 Rc4 41. Kf3 (41. f3 Rc2+ 42. Kh3 $18) 41... Rc3+ 42. Ke2
Kf6 43. Rxb6+ (43. f4 Rc2+ 44. Kd3 Rxh2 45. Rxb6+ Ke7 46. Kd4 Rg2 47. Ke5 Rxg3
48. Rb7+ $18) 43... Ke5 44. Rb7 Rb3 (44... Kxe4 45. Re7+ Kd5 46. Rxf7 $18) 45.
f3 Rb2+ 46. Ke3 (46. Kd1 {- 46.Ke3}) (46. Kd3 Rb3+ 47. Kc4 Rxf3 48. Rd7 Rf2 49.
b6 Rb2 50. b7 Ke6 51. Rc7 $18) 46... Rb3+ 47. Ke2 Rb2+ 48. Kd1 f5 (48... Rxh2
49. Rxf7 $18) 49. exf5 gxf5 50. h4 (50. Kc1 Rxh2 51. b6 $18) 50... Rg2 51. Rc7
$6 {White had already several easy wins before, but here things are not so
clear anymore.} (51. Re7+ Kd6 52. Rf7 $18) 51... Rxg3 52. Ke2 Rg2+ 53. Ke3 Rb2
(53... f4+ $1 {was the last practical chance, for example:} 54. Kd3 Rf2 55.
Rc5+ Kd6 56. Rc6+ Kd5) 54. Rc5+ Ke6 55. Rc6+ (55. h5 {- 55.Rc6}) 55... Ke5 56.
Rc5+ Ke6 57. h5 Rb3+ 58. Kd4 Rb4+ (58... Rxf3 59. Rc6+ Kd7 60. Rxh6 f4 {
gave again more practical chances.}) 59. Kc3 Rb1 60. f4 Rc1+ 61. Kb4 Rb1+ 62.
Ka5 Ra1+ 63. Kb6 Ra4 64. Kc7 {The checks were very useful...for the white K!}
Rxf4 65. Rc6+ Kf7 66. b6 Rb4 67. b7 f4 68. Rb6 1-0

[Event "EU-ch 6th"]
[Site "Warsaw"]
[Date "2005.06.30"]
[Round "12"]
[White "Andersson, Ulf"]
[Black "Nalbandian, Tigran"]
[Result "1/2-1/2"]
[WhiteElo "2579"]
[BlackElo "2508"]
[Annotator "Hazai,L"]
[PlyCount "76"]
[EventDate "2005.06.18"]
[EventType "swiss"]
[EventRounds "13"]
[EventCountry "POL"]
[SourceTitle "CBM 108"]
[Source "ChessBase"]
[SourceDate "2005.09.26"]
[SourceVersion "1"]
[SourceVersionDate "2005.09.26"]
[SourceQuality "1"]

1. Nf3 Nf6 2. d4 g6 3. g3 Bg7 4. Bg2 O-O 5. O-O d6 6. Re1 {/\ e4 transposing
to the g3 Pirc.} Bf5 {against e4.} 7. Nbd2 (7. Nh4 Be4 8. Bf1 {avoiding the
exchange of the fianchettoed B.} e5 9. e3 b6 {securing the retreat for the B.}
10. a4 a6 11. a5 b5 12. c4 exd4 13. exd4 bxc4 14. Bxc4 d5 15. Bf1 Bxb1 16. Rxb1
Ne4 17. Be3 Nc6 18. Qa4 Ne7 19. Rbc1 {1/2-1/2 Speelman-Kochyev, Leningrad 1984}
) (7. c4 Nc6 (7... c6 8. Nh4 (8. Nc3 Ne4 9. Qb3 Nxc3 10. Qxc3 Be4 {Black wants
to exchange the pieces on the e4 square.} 11. Be3 c5 12. Qd2 Qb6 13. Rad1 Nc6
$11 {with a maximum pressure against >< d4, Vera-Barlov, Mesa 1992.}) 8... Be6
9. d5 cxd5 10. cxd5 Bd7 {The N is awful on h4.} 11. Nc3 Na6 12. h3 b5 $13 {
Bell-W.Watson, Blackpool 1988}) 8. Nc3 Ne4 {is again the typical reaction.} 9.
Nh4 Nxc3 10. bxc3 Bd7 {White's P structure is corrupted, but he can control
the [+].} 11. f4 Na5 12. f5 e6 13. fxg6 hxg6 14. Rf1 c5 $132 {Kunin-Ginsburg,
Griesheim 2004}) (7. b3 {is not very consistent.} d5 8. Bb2 c6 9. Nbd2 Nbd7 10.
c4 {1/2-1/2 Speelman-McShane, Esbjerg 2001}) (7. Nc3 {runs into} Ne4 8. Nxe4
Bxe4 9. c3 {is really caoutious!} Nd7 10. Bh3 {/\ Nd2 avoiding the exchanges}
Nb6 11. Bf4 Re8 12. Nd2 Bc6 13. e4 e5 {equalizing without any problem.} 14.
dxe5 dxe5 $11 {Koneru-Nijboer, Wijk aan Zee 2003}) 7... d5 {Black loses a
tempo but gains control over the light sdquares.} (7... Ne4 8. Nh4 $1) (7...
Qc8 8. e4 Bg4 9. e5 (9. c3 Nc6 10. Qc2 e5 $13 {and again White's passive setup
backfires.} (10... Bh3 {is not so effective.} 11. Nc4 Bxg2 12. Kxg2 e6 13. Bg5
b5 14. Bxf6 Bxf6 15. Ne3 Bg7 16. a4 $14 {Andersson-Topalov, Monte Carlo rapid
1997})) 9... dxe5 (9... Nd5 $143 10. c3 dxe5 11. Qb3 c6 12. Nxe5 {and Black's
setup is not very healthy.} Be6 13. c4 Nb6 14. d5 cxd5 15. cxd5 Bh3 16. Bxh3
Qxh3 17. Ndf3 $14 {Gislason-F.Olafsson, Reykjavik 2001}) 10. dxe5 Nd5 11. c3
Nb6 12. Qe2 Nc6 13. Qf1 Rd8 $13 {and White still struggles with the
development, Guerra Bastida-Damljanovic, La Coruna 1996.}) 8. c3 Nc6 {The N is
usually badly placed here, now Black has only e7-e5 to attack the [+].} (8...
Nbd7 9. Nh4 Be6 10. e4 (10. f4 c5 $13) 10... dxe4 11. Nxe4 Nxe4 12. Bxe4 c6) 9.
Nh4 Bd7 (9... Bc8 10. f4 $5 (10. e4 {leads to unnecessary exchanges, Black
will free himself by e7-e5!} dxe4 11. Nxe4 Nxe4 12. Bxe4 e5 13. Bxc6 bxc6 14.
dxe5 Qxd1 15. Rxd1 Bxe5 $13 {^^})) 10. e4 (10. f4 $5 {fighting against e5
deserves attention.}) 10... dxe4 11. Nxe4 Nxe4 12. Rxe4 e5 13. dxe5 {The [+]
has vanished completely, White's advantage is only minimal.} (13. d5 Ne7 $13)
13... Bxe5 (13... Nxe5 14. Bf4 $14 {>< c7}) 14. Bh6 (14. Nf3 Bg7 15. Bf4 {
>< c7 is again interesting.}) 14... Re8 (14... Bg7 15. Bxg7 Kxg7 16. Qb3 Qc8
17. Rae1 $14) 15. Nf3 Bf5 16. Re1 Qxd1 17. Raxd1 Bd6 (17... Bf6 18. Bf4 Rxe1+
19. Rxe1 Rc8 20. Nd2 {/\ Nb3 and White's active ^^ inserts some pressure on
the <<.}) 18. Ng5 Rxe1+ 19. Rxe1 Bf8 (19... Ne7 20. Ne4 Bxe4 21. Rxe4 $14 {
The ^^ is of high importance in this type of position.}) 20. Bxf8 Rxf8 {
[%mdl 4096]} 21. Bd5 (21. Bxc6 bxc6 22. Re7 {looks promising, but Black can
always organize some counterplay, for example:} h6 23. Nf3 (23. Ne4 Rd8 $132)
23... Rb8 24. b4 (24. b3 Bb1 25. Rxc7 Bxa2 26. b4 a5 $1 27. bxa5 Bd5 28. Nd2
Rb2 $44) 24... c5 $1 25. a3 (25. bxc5 Bh3 $132) 25... cxb4 26. axb4 a5 $1 {
Passive defence leads nowhere.} 27. bxa5 Rb5 28. a6 (28. Re5 c5 29. a6 Ra5 $44)
28... Ra5 29. Nd4 Bh3 30. f4 Rxa6 31. Rxc7 Ra2 $44) 21... Kg7 22. f3 (22. Bxc6
{is again not enough because of} bxc6 23. Nf3 c5 (23... Rd8 24. Nd4 $14) 24.
Re5 Rb8 $132) 22... Rd8 23. Bxc6 bxc6 24. Kf2 Rd2+ 25. Re2 Rxe2+ 26. Kxe2 h6
27. Ne4 Bxe4 28. fxe4 Kf6 $11 {and the P _|_ is draw.} 29. b4 Ke5 30. Ke3 f5
31. exf5 Kxf5 32. h3 Ke5 33. a4 c5 34. b5 c4 35. Kf3 Kf5 36. Ke3 Ke5 37. Kf3
Kf5 38. Ke3 Ke5 1/2-1/2